Japanese players in Premier League (2000-) - Statistics

General Stats
  • This quiz has been taken 80 times
  • The average score is 9 of 15
Answer Stats
Ranking Player Positions Nationality Matches Goals (assists) Periods Clubs % Correct
3 Kaoru Mitoma MF, FW 88 20 (13) 2022-2025
100%
8 Shinji Kagawa MF, FW 38 6 (6) 2012-2014
97%
6 Wataru Endo DF, MF 49 1 (0) 2023-2025
95%
5 Takehiro Tomiyasu DF 65 2 (3) 2021-2025
92%
2 Shinji Okazaki MF, FW 114 14 (4) 2015-2019
91%
7 Takumi Minamino MF, FW 40 6 (0) 2019-2022
83%
1 Maya Yoshida DF 154 6 (2) 2012-2020
78%
9 Daichi Kamada MF, FW 34 0 (0) 2024-2025
75%
10 Yukinari Sugawara DF, MF, FW 30 1 (1) 2024-2025
54%
12 Hidetoshi Nakata MF 21 1 (2) 2005-2006
34%
11 Yoshinori Mutō MF, FW 25 1 (0) 2018-2020
29%
13 Ryo Miyaichi MF, FW 17 0 (2) 2011-2014
25%
4 Junichi Inamoto MF 65 4 (6) 2002-2006
22%
14 Daiki Hashioka DF 10 0 (0) 2023-2024
20%
15 Kazuyuki Toda MF 4 0 (0) 2002-2003
14%
No matching quizzes found
Score Distribution
Percent of People with Each Score
Percentile by Number Answered
Your Score History
You have not taken this quiz